000
00422nam a2200169Ia 4500
008
090711s9999 xx 000 0 und d
082
_b
19780
100
_a
शेळके उद्धव ज.
245
_a
आग
260
_c
1971
300
_a
102
600
_a
शेळके उद्धव ज.
630
_a
आग
700
_a
शेळके उद्धव ज.
730
_a
आग
942
_c
BOOK
999
_c
298237
_d
298237